Name every Ballon D'or winner - Statistics

General Stats
  • This quiz has been taken 18 times
  • The average score is 35 of 69
Answer Stats
Year Club Nationality Answer % Correct
2022 Real Madrid France Benzema
100%
2017 Real Madrid Portugal Cristiano Ronaldo
100%
2016 Real Madrid Portugal Cristiano Ronaldo
100%
2014 Real Madrid Portugal Cristiano Ronaldo
100%
2013 Real Madrid Portugal Cristiano Ronaldo
100%
2008 Man United Portugal Cristiano Ronaldo
100%
2025 PSG France Dembele
100%
2007 AC Milan Brazil Kaka
100%
2023 PSG Argentina Messi
100%
2021 Barcelona Argentina Messi
100%
2019 Barcelona Argentina Messi
100%
2015 Barcelona Argentina Messi
100%
2012 Barcelona Argentina Messi
100%
2011 Barcelona Argentina Messi
100%
2010 Barcelona Argentina Messi
100%
2009 Barcelona Argentina Messi
100%
2018 Real Madrid Croatia Modric
100%
2024 Man City Spain Rodri
100%
2005 Barcelona Brazil Ronaldinho
86%
2002 Real Madrid Brazil Ronaldo
79%
2003 Juventus Czechia Nedved
71%
2001 Liverpool England Owen
71%
2006 Real Madrid Italy Cannavaro
64%
2000 Real Madrid Portugal Figo
64%
1998 Juventus France Zidane
64%
1999 Barcelona Brazil Rivaldo
57%
1995 AC Milan Liberia Weah
57%
1997 Inter Milan Brazil Ronaldo
50%
2004 AC Milan Ukraine Shevchenko
50%
1992 AC Milan Netherlands Van Basten
50%
1987 AC Milan Netherlands Gullit
43%
1990 Inter Milan Germany Matthaus
43%
1985 Juventus France Platini
43%
1984 Juventus France Platini
43%
1983 Juventus France Platini
43%
1996 Dortmund Germany Sammer
43%
1989 AC Milan Netherlands Van Basten
43%
1988 AC Milan Netherlands Van Basten
43%
1993 Juventus Italy Baggio
36%
1974 Barcelona Netherlands Cruyff
36%
1971 Ajax Netherlands Cruyff
36%
1991 Marseille France Papin
36%
1968 Man United Northern Ireland Best
29%
1966 Man United England Charlton
29%
1979 Hamburg England Keegan
29%
1978 Hamburg England Keegan
29%
1956 Blackpool England Matthews
29%
1963 Dynamo Moscow USSR Yashin
29%
1976 Bayern Germany Beckenbauer
21%
1972 Bayern Germany Beckenbauer
21%
1986 Dynamo Kyiv USSR Belanov
21%
1959 Real Madrid Spain Di Stefano
21%
1957 Real Madrid Spain Di Stefano
21%
1970 Bayern Germany Muller
21%
1982 Juventus Italy Rossi
21%
1981 Bayern Germany Rummenigge
21%
1980 Bayern Germany Rummenigge
21%
1977 Monchengladbach Denmark Simonsen
21%
1967 Ferencvaros Hungary Albert
14%
1965 Benfica Portugal Eusebio
14%
1958 Real Madrid France Kopa
14%
1964 Man United Scotland Law
14%
1962 Dukla Prague Czechia Masopust
7%
1969 AC Milan Italy Rivera
7%
1961 Juventus Italy Sivori
7%
1994 Barcelona Bulgaria Stoickhov
7%
1960 Barcelona Spain Suarez
7%
1975 Dynamo Kyiv USSR Blokhin
0%
1973 Barcelona Netherlands Cryuff
0%
No matching quizzes found
Score Distribution
Percent of People with Each Score
Percentile by Number Answered
Your Score History
You have not taken this quiz